|
|
|
|
| LEADER |
00000nam a22000007a 4500 |
| 005 |
20150724132211.0 |
| 007 |
cr|||| |||| |
| 008 |
150724s2015 sp |||||s|||| 00||0 spa d |
| 020 |
|
|
|a 978-84-9085-294-1
|
| 035 |
|
|
|a 12776
|
| 040 |
|
|
|a vLex
|
| 090 |
|
|
|c 5485
|d 5485
|
| 100 |
1 |
|
|a Acuą San Martn̕, Marcela
|
| 245 |
1 |
0 |
|a Derecho de relacin̤ entre los hijos y el progenitor no custodio tras el divorcio
|h [Recurso electrn̤ico] /
|c Marcela Acuą San Martn̕
|
| 256 |
|
|
|a Servicio en ln̕ea
|
| 260 |
|
|
|a Madrid:
|b Dykinson,
|c 2015
|
| 300 |
|
|
|a 1 recurso electrn̤ico
|
| 500 |
|
|
|a Los abogados de familia dicen que segn︢ la crisis matrimonial haya sido ms̀ o menos traumt̀ica en su generacin̤, resultar ̀ms̀ difc̕il o ms̀ sencillo asumir cuantas cosas plantea la autora de esta monografa̕. Como no poda̕ ser de otro modo, la obra se encuentra vertebrada alrededor del supremo interš del menor, y desde ah,̕ se plantea el fundamento del derecho de relacin̤ de los hijos con el padre no custodio desde el punto de vista constitucional y en toda su dimensin̤ normativa. Se efecta︢ un estudio del m̀bito objetivo de este derecho-deber y del m̀bito subjetivo del mismo, destacando la estructura triangular de la figura (progenitor no custodio, menor y progenitor custodio), para despuš analizar su contenido, sus formas de ejercicio y las correspondientes acciones protectoras, civiles y penales.
|
| 506 |
1 |
|
|a Contenido disponible en los productos indicados
|d vLex Global
|d vLex Global (Academic Edition, excluding Law Schools)
|d vLex Global (U.S. Academic Edition, Law Schools)
|d vLex Global (U.S. Academic Edition, excluding Law Schools)
|d vLex Global (Academic Edition, Law Schools)
|
| 650 |
0 |
4 |
|a Derecho de familia
|z Espaą
|
| 650 |
0 |
4 |
|a Divorcio
|z Espaą
|
| 740 |
0 |
|
|a vLex Libros (Servicio en ln̕ea)
|
| 856 |
4 |
0 |
|u http://vlex.com/source/derecho-de-relacion-entre-los-hijos-y-el-progenitor-no-custodio-tras-el-divorcio-12776
|z Acceso restringido
|
| 942 |
|
|
|c BOOK
|
| 999 |
0 |
|
|a Domestic relations
|
| 999 |
0 |
|
|a Divorce
|